Daily practices English-French - Statistiques

Statistiques générales
  • Ce quiz a été pris 51 fois
  • Le résultat moyen est 5 sur 20
Statistiques - réponses
Hint Réponse % Correct
to invest in investir dans
70%
a credit card une carte de credit
70%
a bill facture / l’addition
65%
to be in debt être endetté
64%
a cashier un caissier
63%
investments les investissements
55%
to open = set up an account ouvrir un compte
54%
a loan un prêt
52%
to owe money devoir de l’argent
50%
to be broke être fauché
50%
savings les économies
50%
interest rate taux d’intérêt
50%
to take out = withdraw money retirer de l’argent
46%
losses les pertes
41%
a debit card une carte de débit
36%
a fine une amende
30%
a shareholder un actionnaire
27%
a transfer un virement
27%
a share une part / une action
26%
to deposit = to pay in déposer de l’argent
20%
the stock exchange la bourse
20%
an accountant un comptable
20%
the cash desk la caisse
17%
a bargain une affaire / occasion
10%
to save up faire des économies
4%
overheads les frais généraux
4%
a grant bourse / subvention
0%
to change changer de devise
0%
counterfeit money currency de la fausse monnaie
0%
to issue shares émettre des parts
0%
to barter faire du troc
0%
bookeeping la comptabilité
0%
change la monnaie (rendu)
0%
the charge les frais
0%
to charge prélever
0%
an overdraft un découvert
0%
a mortgage une hypothèque
0%
a window un guichet
0%
a bank statement un relevé bancaire
0%
Aucun quiz correspondant
Distribution des résultats
% des personnes avec chaque résultat
Percentile par nombre de réponses
Votre historique - résultats
Vous n’avez pas pris ce quiz